Câu hỏi và bài tập hóa lí

Αποθηκεύτηκε σε:
Λεπτομέρειες βιβλιογραφικής εγγραφής
Κύριος συγγραφέας: La Đồng Minh
Μορφή: Βιβλίο
Γλώσσα:Undetermined
Έκδοση: Hà Nội Giáo dục
Θέματα:
Ετικέτες: Προσθήκη ετικέτας
Δεν υπάρχουν, Καταχωρήστε ετικέτα πρώτοι!
Thư viện lưu trữ: Trung tâm Học liệu Trường Đại học Cần Thơ
LEADER 00494nam a2200169Ia 4500
001 CTU_2791
008 210402s9999 xx 000 0 und d
082 |a 541.3076 
082 |b M312 
100 |a La Đồng Minh 
245 0 |a Câu hỏi và bài tập hóa lí 
245 0 |c La Đồng Minh 
260 |a Hà Nội 
260 |b Giáo dục 
650 |a Chemistry, physical and theoretical 
904 |i Minh, 960829 
980 |a Trung tâm Học liệu Trường Đại học Cần Thơ